000
00284nam a2200097Ia 4500
008
220204s9999 xx 000 0 und d
082
_a
65(540:676.2)
_b
IND
245
0
_a
Hints to Indian businessmen visiting Kenya
260
_a
New Delhi
_b
Directorate of commercial publicity
942
_c
BK
999
_c
22231
_d
22231